000 00205nam a2200085Ia 4500
008 120527s9999 xx 000 0 und d
100 _aAnasttasi & Anne
245 _aFields of applied Psychology
942 _cBK
999 _c27581
_d27581